| 000 | 00630nam a22002177a 4500 | ||
|---|---|---|---|
| 003 | OSt | ||
| 005 | 20150519155558.0 | ||
| 008 | 150519b xxu||||| |||| 00| 0 eng d | ||
| 020 | _a0750655283 | ||
| 040 | _cDLC | ||
| 082 | _aWW 290 S35g 2004 | ||
| 100 |
_aSalmon John F _94679 |
||
| 245 |
_aGlaucoma : _bA Colour Manual Of Diagnosis and Treatment / _cJohn F Salmon, Jack J Kanski |
||
| 250 | _a3rd ed | ||
| 260 |
_aLondon: _bButterworth Heinemann; _c2004. |
||
| 300 |
_avii, 168 p: _bcol.ill ; _c25 |
||
| 504 | _aIncludes references and index. | ||
| 650 |
_aGlaucoma _94680 |
||
| 700 |
_aKanski Jack J _9337 |
||
| 942 |
_2z _cSLOAN |
||
| 999 |
_c1782 _d1782 |
||